<?xml version="1.0" encoding="UTF-8"?><?xml-stylesheet type="text/xsl" href="static/style.xsl"?><OAI-PMH xmlns="http://www.openarchives.org/OAI/2.0/" xmlns:xsi="http://www.w3.org/2001/XMLSchema-instance" xsi:schemaLocation="http://www.openarchives.org/OAI/2.0/ http://www.openarchives.org/OAI/2.0/OAI-PMH.xsd"><responseDate>2026-04-27T13:52:29Z</responseDate><request verb="GetRecord" identifier="oai:uvadoc.uva.es:10324/38751" metadataPrefix="marc">https://uvadoc.uva.es/oai/request</request><GetRecord><record><header><identifier>oai:uvadoc.uva.es:10324/38751</identifier><datestamp>2021-09-23T07:31:13Z</datestamp><setSpec>com_10324_38</setSpec><setSpec>col_10324_852</setSpec></header><metadata><record xmlns="http://www.loc.gov/MARC21/slim" xmlns:doc="http://www.lyncode.com/xoai" xmlns:xsi="http://www.w3.org/2001/XMLSchema-instance" xmlns:dcterms="http://purl.org/dc/terms/" xsi:schemaLocation="http://www.loc.gov/MARC21/slim http://www.loc.gov/standards/marcxml/schema/MARC21slim.xsd">
<leader>00925njm 22002777a 4500</leader>
<datafield tag="042" ind1=" " ind2=" ">
<subfield code="a">dc</subfield>
</datafield>
<datafield tag="720" ind1=" " ind2=" ">
<subfield code="a">París Dehesa, Miguel</subfield>
<subfield code="e">author</subfield>
</datafield>
<datafield tag="260" ind1=" " ind2=" ">
<subfield code="c">2019</subfield>
</datafield>
<datafield tag="520" ind1=" " ind2=" ">
<subfield code="a">El objetivo de este trabajo de fin de de grado es la creación de una aplicación web que nos permita consultar todos los datos de LexDatum. Para ello previamente recogeremos los datos de todas las ediciones de LexDatum y crearemos nuestra base de datos. Esta base de datos estará alojada en dos sitos diferentes, tanto en local como en la nube, por lo que nuestra aplicación web deberá poder mostrar el contenido de ambas.</subfield>
</datafield>
<datafield tag="024" ind2=" " ind1="8">
<subfield code="a">http://uvadoc.uva.es/handle/10324/38751</subfield>
</datafield>
<datafield tag="245" ind1="0" ind2="0">
<subfield code="a">Consulta web de las ediciones de LexDatum</subfield>
</datafield>
</record></metadata></record></GetRecord></OAI-PMH>